00525 a2200169 4500010001400000020002200014035001300036037001500049082001100064100002000075245010100095250001500196260003600211270005600247300002600303700002600329 aENG-86622 a8177091514c35.00 aEN-70155 bDBAD / PUB14a515.631 aDasgupta, Ashit1 aModern approach to intermediate vector analysis /cby Ashit Das Gupta [and] Surya Bhushan Prasad a3rd rev ed aNew DelhibBharati Bhawanc2006 a4271/3, Ansari Road, Daryaganj,bNew Delhie110 002 aix, 94 pc21 cm (Pbk)1 aPrasad, Surya Bhushan